Регионална библиотека "Любен Каравелов" - Русе

Русия се завръща на Балканите (Запис номер 325624)

MARC детайли
000 -Лидер
Контролно поле с фиксирана дължина 01205nam a2200313 4500
003 - Код на организацията, давaща контролен номер
Контролно поле BLK
005 - Дата и час на последна редакция
Контролно поле 20250429105140.0
008 - Елементи от данни с фиксирана дължина
fixed length control field 181022b bu ||||| |||| 00| 0 bu d
040 ## - Източник на каталожния запис
Идентификатор на билиотеката - собственик на записа BLK
041 ## - Код за език
Код за езика на текст/звукозапис или на отделно заглавие Български
Код за езика КДБФ Български
080 ## - УДК
Текстов определител УДК Политическо влияние и натиск върху други държави
УДК код - определител по УДК 327.8
100 ## - Редна дума - Автор
Автор Бечев, Димитър Христов
Авторска отговорност първи автор
R(LIN) 1299
139 ## - Редно поле
Редна дума Бечев, Димитър Христов
Авторски знак Беш - Б 43
245 ## - Сведения за заглавието
Заглавие Русия се завръща на Балканите
Редно поле (дума) Димитър Бечев ; прев. Юлия Гешакова
260 ## - Област на издателските данни
9 (RLIN) 210881
Място на издаване, разпространение и проч. София
Име на издателя, разпространителя и проч. Изток-Запад
Година на издаване 2018
300 ## - Физическа характеристика
Страници 368 с.
Размери/Мащаб 20 см
380 ## - Жанр
Жанр Обществени науки
650 #0 - Допълнително описание по предмет – тема
9 (RLIN) 255852
Основно описание – тема или топоним Икономическа политика - Русия
650 #0 - Допълнително описание по предмет – тема
Основно описание – тема или топоним Международни отношения
9 (RLIN) 245477
651 #7 - Допълнително описание по предмет - топоним
9 (RLIN) 179465
Географско понятие Русия
651 #7 - Допълнително описание по предмет - топоним
9 (RLIN) 178566
Географско понятие Балканите
700 ## - Други автори (авторска отговорност)
9 (RLIN) 966
Лично име Гешакова, Юлия
Автороска отговорност (Описва отношението между автора и произведението) прев.
Пълна форма на името Тошева, Юлия Божидарова
852 ## - Местоположение
Фондова буква Заемна - подръчен фонд
Систематично-азбучна сигнатура П 327.8/Б 43
999 ## - СИСТЕМНИ КОНТРОЛНИ НОМЕРА
Koha biblionumber 325624
Koha biblioitemnumber 325624
942 ## - АРТИКУЛИ
Скрит в OPAC Не
Вид на библиотечния материал Книги
Koha issues (borrowed), all copies 15
999 ## - СИСТЕМНИ КОНТРОЛНИ НОМЕРА
Koha biblioitemnumber 325624
999 ## - СИСТЕМНИ КОНТРОЛНИ НОМЕРА
Koha biblioitemnumber 325624
999 ## - СИСТЕМНИ КОНТРОЛНИ НОМЕРА
Koha biblioitemnumber 325624
944 ## - СЪЗДАВАНЕ И РЕДАКЦИЯ на ЗАПИСА
Служител, извършил регистрацията/редакцията 30531
Статус, дата на статуса Цветелина Шанова
Наличности
Код за отписване Код за изгубен артикул Източник на класификационната схема Код за повреда Коз за рестрикции Код за отдаване Артикулен № Име на библиотеката - собственик Име на библиотеката, в която се намира в момента Статус (Текущо местоположение) Дата на вписване в системата Местоположение - отдел Цена в лева Инвентарен номер Систематично азбучна сигнатура Баркод Цена в евро Служебен тип на артикула
  Не е изгубен Universal Decimal Classification Не е повреден без рестрикции заемане за дома 681586 Регионална библиотека "Любен Каравелов" Русе Регионална библиотека "Любен Каравелов" Русе Заемна - подръчен фонд 2018-10-22 Заемна - подръчен фонд 16.50 120000825188 П 327.8/Б 43 120000825188 8.44 Книги
Vip Innovations Ltd, Rousse, Bulgaria 2025